000
00406nam a2200133Ia 4500
008
151001s9999||||xx |||||||||||||| ||und||
100
_a
ग रा टिकेकर
245
_a
निलगिरीच्या जंगलात साहसी सुनीलकुमार
250
_a
1
260
_b
अरगडे कुलकर्णी
260
_c
1967
300
_a
119
365
_b
7
999
_c
955189
_d
955186